Catálogo público

Geografía económica (Record no. 19792)

MARC details
000 -CABECERA
campo de control de longitud fija 01265nam a22003497a 4500
003 - IDENTIFICADOR DEL NÚMERO DE CONTROL
campo de control CHAP
005 - FECHA Y HORA DE LA ÚLTIMA TRANSACCIÓN
campo de control 20220329134404.0
008 - DATOS DE LONGITUD FIJA--INFORMACIÓN GENERAL
campo de control de longitud fija 971013s1971 r 00010 d
010 ## - NÚMERO DE CONTROL DE LA BIBLIOTECA DEL CONGRESO
Número de control de LC 19792
011 ## - ENLACE DEL NUMERO DE CONTROL DE LA BIBLIOTECA DEL CONGRESO [OBSOLETO]
Número de control de LC 20764
035 ## - NÚMERO DE CONTROL DEL SISTEMA
Número de control de sistema 24853
040 ## - FUENTE DE LA CATALOGACIÓN
Centro/agencia transcriptor CHAP
082 ## - NÚMERO DE LA CLASIFICACIÓN DECIMAL DEWEY
Número de clasificación 330.9
Número de documento/Ítem J65Y 1971
100 00 - ENTRADA PRINCIPAL--NOMBRE DE PERSONA
Nombre de persona Jones, Clarence Fielden.
9 (RLIN) 61986
245 ## - MENCIÓN DE TÍTULO
Título Geografía económica
260 ## - PUBLICACIÓN, DISTRIBUCIÓN, ETC.
Lugar de publicación, distribución, etc. México, D.F. :
Nombre del editor, distribuidor, etc. Fondo de Cultura Económica,
Fecha de publicación, distribución, etc. 1971
300 ## - DESCRIPCIÓN FÍSICA
Extensión 1018 p.
Otras características físicas : ilus.
500 ## - NOTA GENERAL
Nota general Trad. de la 3 ed. corr. y aum. en inglés de 1971
590 ## - NOTA LOCAL (RLIN)
Nota local BATCH-UPD
Procedencia (VM) [OBSOLETO] 10
Condición del los carretes individuales (VM) [OBSOLETO] 20130110
-- UCH01
-- 0153
590 ## - NOTA LOCAL (RLIN)
Nota local BATCH-UPD
Procedencia (VM) [OBSOLETO] 10
Condición del los carretes individuales (VM) [OBSOLETO] 20130110
-- UCH01
-- 1330
590 ## - NOTA LOCAL (RLIN)
Nota local BATCH-UPD
Procedencia (VM) [OBSOLETO] 10
Condición del los carretes individuales (VM) [OBSOLETO] 20130410
-- UCH01
-- 0835
590 ## - NOTA LOCAL (RLIN)
Nota local BATCH-UPD
Procedencia (VM) [OBSOLETO] 10
Condición del los carretes individuales (VM) [OBSOLETO] 20130914
-- UCH01
-- 1136
590 ## - NOTA LOCAL (RLIN)
Nota local CONVERSION
Procedencia (VM) [OBSOLETO] 10
Condición del los carretes individuales (VM) [OBSOLETO] 20130109
-- UCH01
-- 1312
650 14 - PUNTO DE ACCESO ADICIONAL DE MATERIA--TÉRMINO DE MATERIA
Término de materia o nombre geográfico como elemento de entrada Geografía económica.
9 (RLIN) 47575
700 0# - PUNTO DE ACCESO ADICIONAL--NOMBRE DE PERSONA
Nombre de persona Darkenwald, Gordon Gerard.
9 (RLIN) 31083
901 ## - ELEMENTOS DE DATOS A LOCAL LDA (RLIN)
a BK
942 ## - ELEMENTOS DE PUNTO DE ACCESO ADICIONAL (KOHA)
Tipo de ítem Koha Libro
949 ## - PROCESAMIENTO DE INFORMACIÓN LOCAL (OCLC)
a 330.9 J65Y 1971
b BC
c LIBRO
d 33724000317681
e LIBRO
f c.3
h 34176
i 24853
s i
949 ## - PROCESAMIENTO DE INFORMACIÓN LOCAL (OCLC)
a 330.9 J65Y 1971
b BC
c LIBRO
d 33724000317699
e LIBRO
h 29583
i 24853
s i
949 ## - PROCESAMIENTO DE INFORMACIÓN LOCAL (OCLC)
a 330.9 J65Y 1971
b BC
c LIBRO
d 33724000317707
e LIBRO
f c.2
h 34070
i 24853
s i
949 ## - PROCESAMIENTO DE INFORMACIÓN LOCAL (OCLC)
a 330.9 J65Y 1971
b BC
c MUT
d -57535
e MUT
f c.4
h 40230
i 24853
s i
Holdings
Estado de retiro Estado de pérdida Fuente del sistema de clasificación o colocación Estado dañado Restricciones de uso No para préstamo Código de colección Localización permanente Ubicación/localización actual Ubicación en estantería Fecha de adquisición Información codificada de la localización en otra ubicación Total de préstamos Signatura topográfica completa Código de barras Fecha visto por última vez Número de copia Precio válido a partir de Tipo de ítem Koha
    Dewey Decimal Classification   Préstamo 15 días   General Biblioteca Central Biblioteca Central Planta alta - Colección General 31/12/2019 LIBRO   330.9 J65Y 1971 33724000317681 31/12/2019 c.3 31/12/2019 Libro
    Dewey Decimal Classification   Préstamo 15 días   General Biblioteca Central Biblioteca Central Planta alta - Colección General 31/12/2019 LIBRO   330.9 J65Y 1971 33724000317699 31/12/2019   31/12/2019 Libro
    Dewey Decimal Classification   Préstamo 15 días   General Biblioteca Central Biblioteca Central Planta alta - Colección General 31/12/2019 LIBRO   330.9 J65Y 1971 33724000317707 31/12/2019 c.2 31/12/2019 Libro
      Material dañado Préstamo 3 días   Material mutilado Biblioteca Central Biblioteca Central   31/12/2019 LIBRO   330.9 J65Y 1971 -57535 31/12/2019 c.4 31/12/2019 Libro